All of Poniatowski's Battles - Statistics

General Stats
  • This quiz has been taken 2 times
  • The average score is 4 of 9
Answer Stats
Year Battle % Correct
1812 Battle of Borodino
100%
1812 Battle of Smolensk
100%
1813 Battle of Leipzig
50%
1812 Battle of the Berezina
50%
1812 Battle of Vyazma
50%
1794 Kościuszko Uprising
50%
1812 Battle of Maloyaroslavets
0%
1809 Battle of Raszyn
0%
1792 Battle of Zieleńce
0%
No matching quizzes found
Score Distribution
Percent of People with Each Score
Percentile by Number Answered
Your Score History
You have not taken this quiz